[Event "SportAccord Blindfold Men 2012"]
[Site "Beijing CHN"]
[Date "2012.12.18"]
[Round "1.3"]
[White "Giri, Anish"]
[Black "Grischuk, Alexander"]
[Result "1/2-1/2"]
[WhiteElo "2720"]
[BlackElo "2764"]
[PlyCount "96"]
[EventDate "2012.12.18"]

1. d4 Nf6 2. c4 e6 3. Nf3 Bb4+ 4. Nbd2 O-O 5. g3 d5 6. Bg2 b6 7. O-O Bb7 8.
cxd5 exd5 9. Ne5 Be7 10. Ndf3 c5 11. b3 Na6 12. Bb2 h6 13. Rc1 Re8 14. dxc5
bxc5 15. Nd3 Qb6 16. Qc2 Rac8 17. Bh3 Rcd8 18. Rfe1 Ne4 19. e3 Bf8 20. Ba1 c4
21. bxc4 dxc4 22. Qxc4 Bd5 23. Qc2 Nxg3 24. hxg3 Bxf3 25. Ne5 Nb4 26. Qf5 Bd5
27. a3 Be6 28. Qf3 Nd3 29. Bxe6 Nxe5 30. Bxe5 Qxe6 31. Bd4 Bxa3 32. Rc6 Qb3 33.
Rc3 Qa2 34. Re2 Qb1+ 35. Kg2 Bf8 36. Rc7 Re7 37. Rxe7 Bxe7 38. Rb2 Qg6 39. Rb7
Bf6 40. Bxf6 Qxf6 41. Qxf6 gxf6 42. Rxa7 Rd2 43. Ra4 Kg7 44. Rg4+ Kf8 45. Rh4
Kg7 46. Rg4+ Kf8 47. Rh4 Kg7 48. Rg4+ Kf8 1/2-1/2

[Event "SportAccord Blindfold Men 2012"]
[Site "Beijing CHN"]
[Date "2012.12.18"]
[Round "1.4"]
[White "Kamsky, Gata"]
[Black "Jobava, Baadur"]
[Result "1/2-1/2"]
[WhiteElo "2762"]
[BlackElo "2711"]
[PlyCount "81"]
[EventDate "2012.12.18"]

1. e4 e6 2. d4 d5 3. Nc3 Nc6 4. Nf3 Nf6 5. e5 Ne4 6. Bb5 Bd7 7. Nxe4 dxe4 8.
Ng5 Nxe5 9. Bxd7+ Nxd7 10. Nxe4 Be7 11. O-O O-O 12. c3 Nf6 13. Nxf6+ Bxf6 14.
Bf4 c6 15. Qb3 Qb6 16. Rfe1 Rfd8 17. Be5 Bxe5 18. Rxe5 Rd5 19. Rxd5 exd5 20.
Re1 Qxb3 21. axb3 Kf8 22. Kf1 Re8 23. Rxe8+ Kxe8 24. Ke2 Ke7 25. Kd2 a5 26. Ke3
Kd6 27. Kf4 b6 28. Kf5 c5 29. g4 f6 30. h4 Ke7 31. h5 Kf7 32. g5 Ke7 33. gxf6+
gxf6 34. h6 Kf7 35. f3 Ke7 36. Kg4 Ke6 37. Kf4 Kd6 38. Kf5 Ke7 39. Kg4 Kf7 40.
Kf5 Ke7 41. Kg4 1/2-1/2

[Event "SportAccord Blindfold Men 2012"]
[Site "Beijing CHN"]
[Date "2012.12.18"]
[Round "2.5"]
[White "Radjabov, Teimour"]
[Black "Giri, Anish"]
[Result "1-0"]
[WhiteElo "2793"]
[BlackElo "2720"]
[PlyCount "145"]
[EventDate "2012.12.18"]

1. Nf3 Nf6 2. c4 c5 3. Nc3 e6 4. g3 b6 5. Bg2 Bb7 6. O-O Be7 7. d4 cxd4 8. Qxd4
d6 9. Bg5 h6 10. Bxf6 Bxf6 11. Qf4 Bxc3 12. bxc3 Nc6 13. Rfd1 g5 14. Qg4 Qe7
15. c5 dxc5 16. h4 Qf6 17. Qa4 O-O 18. hxg5 hxg5 19. Qg4 Rfd8 20. Nxg5 Ne5 21.
Qh5 Bxg2 22. Kxg2 Kg7 23. f4 Ng6 24. Qf3 Rxd1 25. Rxd1 Rd8 26. Rh1 Rh8 27. Rxh8
Nxh8 28. Qb7 e5 29. c4 exf4 30. gxf4 Ng6 31. e3 Qe7 32. Qd5 Nh4+ 33. Kf2 Ng6
34. a3 Qc7 35. Ke2 Kf8 36. Qf5 Kg7 37. Qd5 Kf8 38. a4 Kg7 39. Ne4 Kf8 40. Nd6
Qd7 41. f5 Nh4 42. Qe5 Qxa4 43. Qh8+ Ke7 44. Qxh4+ Kxd6 45. Qf6+ Kc7 46. Qxf7+
Qd7 47. Qg6 Kd8 48. Kf3 Qd3 49. Qg8+ Ke7 50. Qh7+ Kf8 51. Qh6+ Kf7 52. Qe6+ Kf8
53. Kf4 Qd2 54. f6 Qh2+ 55. Ke4 Qh7+ 56. Kd5 Qb7+ 57. Kd6 a5 58. e4 a4 59. Qd7
Qb8+ 60. Kd5 Qa8+ 61. Kd6 Qb8+ 62. Kc6 Qe8 63. e5 a3 64. e6 a2 65. Kb7 Qxd7+
66. exd7 a1=Q 67. d8=Q+ Kf7 68. Qe7+ Kg6 69. f7 Qh1+ 70. Kxb6 Qb1+ 71. Kc7 Qa2
72. f8=Q Qa7+ 73. Kd6 1-0

[Event "SportAccord Blindfold Men 2012"]
[Site "Beijing CHN"]
[Date "2012.12.18"]
[Round "2.6"]
[White "Jobava, Baadur"]
[Black "Ivanchuk, Vassily"]
[Result "1-0"]
[WhiteElo "2711"]
[BlackElo "2766"]
[PlyCount "84"]
[EventDate "2012.12.18"]

1. b3 e5 2. Bb2 Nc6 3. e3 Nge7 4. Ne2 d5 5. d4 f6 6. Nbc3 Be6 7. Qd2 Qd7 8.
O-O-O O-O-O 9. Kb1 Kb8 10. Na4 b6 11. h4 Nf5 12. dxe5 fxe5 13. g3 Bb4 14. Qc1
Qf7 15. Bg2 Nfe7 16. Rhf1 Rhf8 17. a3 Bd6 18. Nac3 Qh5 19. Rd2 Bg4 20. Qe1 Bf3
21. Bxf3 Qxf3 22. Qd1 Bc5 23. Re1 g6 24. b4 Bd6 25. Nb5 a6 26. Nxd6 Rxd6 27.
Nc3 Kc8 28. Kc1 Rdd8 29. Rh1 Qxd1+ 30. Kxd1 e4 31. Rh2 Ne5 32. Re2 Nf3 33. Rh1
Nf5 34. Kc1 c6 35. Na4 Kc7 36. h5 g5 37. h6 Nd6 38. Bg7 Rf7 39. Nb2 b5 40. a4
Nf5 41. axb5 axb5 42. c3 Nxg7 1-0

[Event "SportAccord Blindfold Men 2012"]
[Site "Beijing CHN"]
[Date "2012.12.18"]
[Round "2.7"]
[White "Karjakin, Sergey"]
[Black "Fressinet, Laurent"]
[Result "1-0"]
[WhiteElo "2775"]
[BlackElo "2700"]
[PlyCount "157"]
[EventDate "2012.12.18"]

1. e4 e5 2. Bc4 Nf6 3. d3 Bc5 4. Nf3 Nc6 5. c3 O-O 6. O-O d5 7. exd5 Nxd5 8. h3
Nb6 9. Bb3 Bf5 10. Bc2 Qd7 11. b4 Be7 12. Qe2 a6 13. a3 Rad8 14. Rd1 Rfe8 15.
Ra2 Qe6 16. c4 Qg6 17. Kh1 Nd4 18. Nxd4 exd4 19. Qf1 Qc6 20. Kh2 Bd6+ 21. f4
Na4 22. Qf2 Bf8 23. Bb3 Bd7 24. Re2 Qg6 25. Rxe8 Rxe8 26. Qg3 a5 27. bxa5 Qxg3+
28. Kxg3 Ra8 29. Nd2 Rxa5 30. Nf3 c5 31. Kf2 f6 32. g4 Ra6 33. f5 Rb6 34. Bc2
Bd6 35. Re1 Kf7 36. Nd2 Nc3 37. Ne4 Nxe4+ 38. Rxe4 Ra6 39. Re2 Bc6 40. Bd1 Rb6
41. Bc2 Ra6 42. Re6 Bd7 43. Re1 Rb6 44. Bd1 Rb1 45. Bf3 Be5 46. Be4 h6 47. h4
Bc7 48. g5 hxg5 49. hxg5 fxg5 50. Rh1 Bc6 51. Bxc6 bxc6 52. Rg1 g4 53. Re1 Ba5
54. Rg1 g3+ 55. Kg2 Bc7 56. Kf3 Rb3 57. Ke4 Rb8 58. Bf4 Bxf4 59. Kxf4 Ra8 60.
Rxg3 Rxa3 61. Ke5 Ra1 62. Kd6 Re1 63. Rg2 Re3 64. Rd2 Kf6 65. Kxc5 Kxf5 66.
Kxc6 g5 67. Kd5 g4 68. c5 g3 69. c6 Kf4 70. Kxd4 Kf3 71. c7 Re8 72. Kc5 g2 73.
Rxg2 Kxg2 74. d4 Re1 75. d5 Rc1+ 76. Kb6 Rb1+ 77. Kc6 Rc1+ 78. Kd7 Kf3 79. d6
1-0

[Event "SportAccord Blindfold Men 2012"]
[Site "Beijing CHN"]
[Date "2012.12.18"]
[Round "3.1"]
[White "Aronian, Levon"]
[Black "Jobava, Baadur"]
[Result "1-0"]
[WhiteElo "2815"]
[BlackElo "2711"]
[PlyCount "61"]
[EventDate "2012.12.18"]

1. d4 Nf6 2. c4 g6 3. Nc3 Bg7 4. e4 O-O 5. Nf3 c5 6. d5 e6 7. h3 exd5 8. exd5
Re8+ 9. Be3 Nh5 10. Qd2 Bh6 11. O-O-O Bxe3 12. fxe3 Ng3 13. Rg1 d6 14. Bd3 h5
15. e4 Qf6 16. Nb5 Nxe4 17. Qe3 Na6 18. Bxe4 Qe7 19. Nd2 Bd7 20. g4 h4 21. Rde1
Bxb5 22. cxb5 Nb4 23. a3 Nxd5 24. Qf2 Qg5 25. Rgf1 Re7 26. Bxd5 Rxe1+ 27. Qxe1
Qxd5 28. Qe4 Qa2 29. Kc2 d5 30. Qf3 d4 31. Nb3 1-0

[Event "SportAccord Blindfold Men 2012"]
[Site "Beijing CHN"]
[Date "2012.12.18"]
[Round "3.6"]
[White "Ivanchuk, Vassily"]
[Black "Grischuk, Alexander"]
[Result "1/2-1/2"]
[WhiteElo "2766"]
[BlackElo "2764"]
[PlyCount "116"]
[EventDate "2012.12.18"]

1. e4 e5 2. Nf3 Nc6 3. Bb5 Nf6 4. O-O Nxe4 5. d4 Nd6 6. Bxc6 dxc6 7. dxe5 Nf5
8. Qxd8+ Kxd8 9. Nc3 Bd7 10. h3 b6 11. Bf4 h6 12. Rad1 Kc8 13. b3 Ne7 14. a4 c5
15. Nb5 Be6 16. c4 g5 17. Bg3 Bg7 18. Rd3 Rd8 19. Rxd8+ Kxd8 20. a5 Nc6 21.
Rd1+ Kc8 22. a6 Nb4 23. Ra1 Kd7 24. Ra4 c6 25. Nd6 Ke7 26. Kf1 Nd3 27. Ra1 Rd8
28. Rd1 Nb4 29. Ne1 Kf8 30. h4 g4 31. Rd2 Rd7 32. Nd3 Nxa6 33. Nf4 Nb4 34. h5
a5 35. Ke2 Kg8 36. Nxe6 fxe6 37. Bf4 Rd8 38. f3 gxf3+ 39. Kxf3 Rb8 40. Ne4 Rf8
41. Kg4 Rf5 42. Rd8+ Rf8 43. Rd6 Kf7 44. Rd7+ Kg8 45. Rb7 Nd3 46. g3 Rf5 47.
Rxb6 Nxe5+ 48. Kh4 Nf3+ 49. Kg4 Nh2+ 50. Kh4 Nf3+ 51. Kh3 Ne5 52. Rb8+ Kh7 53.
Rb7 Rxh5+ 54. Kg2 Ng4 55. Kf3 Nh2+ 56. Kg2 Ng4 57. Kf3 Nh2+ 58. Kg2 Ng4 1/2-1/2

[Event "SportAccord Blindfold Men 2012"]
[Site "Beijing CHN"]
[Date "2012.12.18"]
[Round "3.7"]
[White "Kamsky, Gata"]
[Black "Giri, Anish"]
[Result "1/2-1/2"]
[WhiteElo "2762"]
[BlackElo "2720"]
[PlyCount "72"]
[EventDate "2012.12.18"]

1. e4 e5 2. Nf3 Nf6 3. Nxe5 d6 4. Nf3 Nxe4 5. d4 d5 6. Bd3 Be7 7. O-O Nc6 8.
Nc3 Bf5 9. Re1 Nxc3 10. bxc3 Bxd3 11. Qxd3 O-O 12. Bd2 Bf6 13. Ne5 Nxe5 14.
dxe5 Be7 15. f4 f5 16. Be3 c6 17. c4 dxc4 18. Qxc4+ Qd5 19. Qb3 Qxb3 20. axb3
Kf7 21. e6+ Kg6 22. Rxa7 Rxa7 23. Bxa7 Rd8 24. Be3 Kf6 25. h3 Bb4 26. Re2 Rd1+
27. Kf2 Bd6 28. Bd2 Ke7 29. g3 Bc5+ 30. Kg2 Rg1+ 31. Kh2 Rf1 32. Bc3 g6 33. Kg2
Rg1+ 34. Kh2 Rf1 35. Kg2 Rg1+ 36. Kh2 Rf1 1/2-1/2

[Event "SportAccord Blindfold Men 2012"]
[Site "Beijing CHN"]
[Date "2012.12.18"]
[Round "3.8"]
[White "Bologan, Viktor"]
[Black "Fressinet, Laurent"]
[Result "1-0"]
[WhiteElo "2681"]
[BlackElo "2700"]
[PlyCount "89"]
[EventDate "2012.12.18"]

1. e4 e5 2. Nf3 Nc6 3. Bc4 Nf6 4. Ng5 d5 5. exd5 Na5 6. Bb5+ c6 7. dxc6 bxc6 8.
Be2 h6 9. Nh3 Bd6 10. d3 O-O 11. Nc3 Rb8 12. Ng1 c5 13. Nf3 Bb7 14. O-O Nc6 15.
Ne4 Nd4 16. Ng3 Nxe2+ 17. Qxe2 Re8 18. Nd2 Bf8 19. f3 Nd5 20. Nc4 g6 21. Qf2 f5
22. Re1 Qc7 23. b3 Bg7 24. Bb2 Re6 25. Rad1 Rbe8 26. Rd2 h5 27. h3 Qe7 28. Nf1
Nf4 29. h4 Bf6 30. Kh2 Nd5 31. Rde2 Bxh4 32. g3 Bf6 33. Bxe5 h4 34. Kg1 hxg3
35. Qxg3 Bh4 36. Qh2 Nb6 37. Bc3 Rxe2 38. Rxe2 Qg5+ 39. Rg2 Qh5 40. Ne5 g5 41.
Ng3 Qh7 42. Nxf5 Nd5 43. Qxh4 Qxh4 44. Nxh4 Nxc3 45. Rxg5+ 1-0

[Event "SportAccord Blindfold Men 2012"]
[Site "Beijing CHN"]
[Date "2012.12.18"]
[Round "4.2"]
[White "Radjabov, Teimour"]
[Black "Leko, Peter"]
[Result "1/2-1/2"]
[WhiteElo "2793"]
[BlackElo "2732"]
[PlyCount "90"]
[EventDate "2012.12.18"]

1. d4 Nf6 2. c4 e6 3. Nc3 Bb4 4. Qc2 O-O 5. Nf3 c5 6. dxc5 Na6 7. g3 Nxc5 8.
Bg2 Nce4 9. O-O Nxc3 10. bxc3 Be7 11. e4 d6 12. e5 dxe5 13. Nxe5 Qc7 14. Qe2
Bd6 15. Re1 Ne8 16. Nf3 Bd7 17. Ne5 Bc8 18. Rb1 Rb8 19. Qe4 b6 20. Qe2 Bb7 21.
Bxb7 Rxb7 22. Bf4 f6 23. Nf3 e5 24. Be3 Bc5 25. Qd3 Bxe3 26. Rxe3 Nd6 27. Qd5+
Kh8 28. Nh4 Rbb8 29. Rd1 Rbd8 30. Red3 Nb7 31. Qb5 Rxd3 32. Rxd3 Nc5 33. Rd5 f5
34. Nf3 e4 35. Rxf5 Rc8 36. Nd4 Qe7 37. Qb2 e3 38. Qe2 exf2+ 39. Rxf2 Qxe2 40.
Rxe2 g6 41. Re7 a5 42. Nb5 Rc6 43. Nd4 Rc8 44. Nb5 Rc6 45. Nd4 Rc8 1/2-1/2

[Event "SportAccord Blindfold Men 2012"]
[Site "Beijing CHN"]
[Date "2012.12.18"]
[Round "4.6"]
[White "Bologan, Viktor"]
[Black "Kamsky, Gata"]
[Result "0-1"]
[WhiteElo "2681"]
[BlackElo "2762"]
[PlyCount "134"]
[EventDate "2012.12.18"]

1. e4 e5 2. Nf3 Nc6 3. Bc4 Bc5 4. c3 Nf6 5. d3 a6 6. Nbd2 O-O 7. Bb3 d6 8. h3
Be6 9. Nf1 d5 10. Qe2 Qd7 11. Ng3 dxe4 12. dxe4 Bxb3 13. axb3 Qe6 14. b4 Bb6
15. O-O Ne7 16. Nh4 Ng6 17. Nhf5 Rfe8 18. Qf3 h6 19. h4 Rad8 20. h5 Nf4 21.
Bxf4 exf4 22. Qxf4 Qe5 23. Qxe5 Rxe5 24. Rad1 Rxd1 25. Rxd1 Nxe4 26. Nxe4 Rxe4
27. Rd8+ Kh7 28. Rd7 Re2 29. Ne3 Kg8 30. Rd8+ Kh7 31. Rd7 Rxb2 32. Rxf7 Kg8 33.
Rd7 a5 34. bxa5 Bxa5 35. c4 Bb6 36. Kf1 Kf8 37. g4 Bxe3 38. fxe3 c5 39. Rc7 b6
40. Rc6 Rb4 41. g5 hxg5 42. Kf2 g4 43. Kg3 Rxc4 44. Rxb6 Re4 45. Rc6 c4 46. Kh4
Ke7 47. Rc7+ Kf6 48. Kg3 Kg5 49. Rc5+ Kh6 50. Kh4 g5+ 51. hxg6 Kxg6 52. Kg3 Kf6
53. Kf2 Ke6 54. Ke2 Kd6 55. Rg5 c3 56. Kd3 Rc4 57. Kc2 Ke6 58. e4 Rxe4 59. Kxc3
Kf6 60. Rg8 Kf5 61. Kd3 Re7 62. Kd2 Kf4 63. Rf8+ Kg3 64. Rg8 Kf3 65. Rf8+ Kg2
66. Rg8 g3 67. Rg6 Kf2 0-1

[Event "SportAccord Blindfold Men 2012"]
[Site "Beijing CHN"]
[Date "2012.12.18"]
[Round "4.7"]
[White "Giri, Anish"]
[Black "Ivanchuk, Vassily"]
[Result "1-0"]
[WhiteElo "2720"]
[BlackElo "2766"]
[PlyCount "73"]
[EventDate "2012.12.18"]

1. d4 Nf6 2. c4 g6 3. f3 c5 4. d5 e6 5. e4 exd5 6. cxd5 d6 7. Ne2 Nh5 8. g3 Bg7
9. Nbc3 O-O 10. Be3 Nd7 11. g4 Nhf6 12. Ng3 a6 13. a4 Rb8 14. Be2 Ne8 15. Qd2
Nc7 16. h4 b5 17. axb5 Nxb5 18. Nxb5 axb5 19. h5 Ne5 20. Bg5 f6 21. Bf4 Bd7 22.
hxg6 hxg6 23. Ra7 Ra8 24. Rxa8 Qxa8 25. Bh6 Rf7 26. Bxg7 Rxg7 27. g5 Qd8 28. f4
Nf7 29. e5 fxe5 30. Ne4 Rh7 31. Nf6+ Qxf6 32. gxf6 Rxh1+ 33. Kf2 exf4 34. Qa5
Rh2+ 35. Ke1 Rh8 36. Qc7 Bf5 37. Qe7 1-0

[Event "SportAccord Blindfold Men 2012"]
[Site "Beijing CHN"]
[Date "2012.12.18"]
[Round "4.8"]
[White "Fressinet, Laurent"]
[Black "Grischuk, Alexander"]
[Result "1/2-1/2"]
[WhiteElo "2700"]
[BlackElo "2764"]
[PlyCount "70"]
[EventDate "2012.12.18"]

1. d4 Nf6 2. Nf3 e6 3. c4 Bb4+ 4. Bd2 a5 5. Nc3 b6 6. e3 Bb7 7. Bd3 d6 8. Qc2
Nbd7 9. e4 e5 10. Nd5 c5 11. dxe5 Nxe5 12. Nxe5 dxe5 13. O-O Bxd2 14. Qxd2 O-O
15. Qc3 Qd6 16. Bc2 Rfd8 17. Rad1 Bxd5 18. exd5 Re8 19. Rfe1 e4 20. Qg3 Re5 21.
Bxe4 Rae8 22. Kf1 g6 23. Bf3 Rxe1+ 24. Rxe1 Qxg3 25. hxg3 Rxe1+ 26. Kxe1 Ne8
27. Kd2 Nd6 28. Be2 Kf8 29. Bd3 Ke7 30. Ke3 h6 31. f4 Kf6 32. Kf3 Kg7 33. Ke3
Kf6 34. Kf3 Kg7 35. Ke3 Kf6 1/2-1/2